BÜLBÜL KORUSU'NUN GİZEMİ (Kayıt no. 1177387)
[ düz görünüm ]
| 000 -LEADER | |
|---|---|
| sabit uzunluktaki kontrol alanı | 00259nam a2200097Ia 4500 |
| 001 - KONTROL NUMARASI | |
| kontrol alanı | 1177387 |
| 005 - EN SON İŞLEMİN TARİH VE ZAMANI | |
| kontrol alanı | 20250827012727.0 |
| 008 - SABİT-UZUNLUKTA VERİ ÖĞELERİ--GENEL BİLGİ | |
| sabit uzunluktaki kontrol alanı | 250824s9999 xx 000 0 und d |
| 245 #0 - ESER / YAZAR | |
| ESER ADI | BÜLBÜL KORUSU'NUN GİZEMİ |
| Yazar Adı | LUCY STRANGE |
| 260 ## - YAYIN, DAĞITIM, VB. | |
| YAYIN EVİ | HEP KİTAP YAYINCILIK |
| Düşüm durumu | Kayıp durumu | Hasar Durumu | Ödünç verilmez | Ana kütüphane | Geçerli Kütüphane | Edinilen tarih | Toplam ödünç verme sayısı | Barkod | İade tarihi | Son görüntüleme tarihi | Son ödünç verme tarihi | Fiyatın geçerli olmaya başladığı tarih | Koha materyal türü |
|---|---|---|---|---|---|---|---|---|---|---|---|---|---|
| NENE HATUN İMAM HATİP ORTAOKULU | NENE HATUN İMAM HATİP ORTAOKULU | 24.08.2025 | 1 | 10255204 | 06.11.2025 | 22.10.2025 | 22.10.2025 | 27.08.2025 | Kitaplar |